Peniaze za nič

Experiment nepodmieneného príjmu, ktorý úspešne prebiehal v niekoľkých európskych krajinách vrátane Fínska.

Na minha lista:
Detalhes bibliográficos
Autor principal: Zimmermannová, Zuzana
Formato: Capítulo de Livro
Idioma:eslovaco
Assuntos:
Tags: Adicionar Tag
Sem tags, seja o primeiro a adicionar uma tag!

MARC

LEADER 00000naa a2200000 4500
001 0226348
005 20231113084018.8
041 0 |a slo 
044 |a SK 
245 1 0 |a Peniaze za nič  |c Zuzana Zimmermannová 
520 |a Experiment nepodmieneného príjmu, ktorý úspešne prebiehal v niekoľkých európskych krajinách vrátane Fínska. 
610 2 0 |a odmeňovanie 
610 2 0 |a mzdy 
610 2 0 |a motivácia pracovná 
610 2 0 |a príjmy bezprácne 
100 1 |a Zimmermannová, Zuzana